000 00397nam a22001697a 4500
005 20180703113111.0
008 160620b xxu||||| |||| 00| 0 eng d
020 _a81-203-2633-4
041 _aeng
082 _b8370
_a658
100 _aAltekar, rahul V
_91944
245 _aEnter prisewide resource planning
260 _bPHI
_c2005
300 _a148
650 _aManagement
_9241
942 _cBK
999 _c3206
_d3205